000 00520nam a2200169Ia 4500
999 _c18583
_d18583
082 _a307.72 URB;
245 0 _aProceedings: International conference
260 _aKharagpur
_bDepartment of Architecture and Regional Planning
_c1981
300 _aviii, 135p.
650 _aSocial change
650 _aUrbanization - Developing countries
650 _aUrban-rural migration
650 _aUrban policy
650 _aConference proceedings
710 _aUrban and regional change in developing countries
942 _cBK